A platform for saving town centres (Record no. 77664)

MARC details
000 -LEADER
fixed length control field 01402cab a2200229 4500
001 - CONTROL NUMBER
control field ##L134823
008 - FIXED-LENGTH DATA ELEMENTS--GENERAL INFORMATION
fixed length control field 060904n2006 000 0 eng u
035 ## - SYSTEM CONTROL NUMBER
System control number (Sirsi) u134823
041 0# - LANGUAGE CODE
Language code of text/sound track or separate title eng
100 1# - MAIN ENTRY--PERSONAL NAME
Personal name Castorina, Gill
245 02 - TITLE STATEMENT
Title A platform for saving town centres
260 ## - PUBLICATION, DISTRIBUTION, ETC.
Date of publication, distribution, etc. 2006
490 #0 - SERIES STATEMENT
Series statement Estates Gazette
Volume/sequential designation (0634) 26 August 2006, 89(1)
520 ## - SUMMARY, ETC.
Summary, etc. Considers the effect of the Town and Country Planning (General Development Procedure) (Amendment) (England) Order 2006 (L134822) which after 10 May 2006 brings the construction of retail mezzanine gross floorspace of more than 200 sq m within planning control. The amendment puts to rest concerns over the unrestricted construction of mezzanines and local planning authorities now have tighter control over the expansion of retail floorspace. Certificates of lawfulness of the proposed use or development of mezzanines issued before the 10 May are ineffective unless they are implemented before that date.
650 24 - SUBJECT ADDED ENTRY--TOPICAL TERM
Topical term or geographic name entry element TOWN AND COUNTRY PLANNING ACT 1990 S55(2)
650 24 - SUBJECT ADDED ENTRY--TOPICAL TERM
Topical term or geographic name entry element PLANNING AND COMPULSORY PURCHASE ACT 2004
650 24 - SUBJECT ADDED ENTRY--TOPICAL TERM
Topical term or geographic name entry element TOWN AND COUNTRY PLANNING (GENERAL DEVELOPMENT PROCEDURE) (AMENDMENT) (ENGLAND) ORDER 2006
650 24 - SUBJECT ADDED ENTRY--TOPICAL TERM
Topical term or geographic name entry element NORTHAMPTON BC V SOS HOME DEPARTMENT AND ANOTHER
651 #4 - SUBJECT ADDED ENTRY--GEOGRAPHIC NAME
Geographic name England
Chronological subdivision 886-
690 ## - LOCAL SUBJECT ADDED ENTRY--TOPICAL TERM (OCLC, RLIN)
Topical term or geographic name as entry element ENVIRONMENTAL AND LAND CONSULTANCY-PLANNING AND DEVELOPMENT-DEVELOPMENT CONTROL
942 ## - ADDED ENTRY ELEMENTS (KOHA)
Suppress in OPAC 0
Holdings
Withdrawn status Lost status Source of classification or shelving scheme Damaged status Not for loan Home library Current library Shelving location Date acquired Total Checkouts Full call number Barcode Date last seen Copy number Price effective from Koha item type
    Dewey Decimal Classification     London London Journal article 04/09/2006   L134823 134823-1001 06/08/2019 1 06/08/2019 Journal article